| 000 | 00489nam a22001937a 4500 | ||
|---|---|---|---|
| 003 | MPLRDC | ||
| 005 | 20220104143435.0 | ||
| 008 | 210129b ||||| |||| 00| 0 eng d | ||
| 020 | _a962-357-744-3 | ||
| 082 | _a220.16 LF c.2 | ||
| 100 | _a刘锋 | ||
| 245 |
_a宗教与中国传统文化之谜 _c |
||
| 250 | _a初版 | ||
| 260 |
_a _b明报出版社 _c1995 |
||
| 300 | _b平 | ||
| 490 | _a神州系列 | ||
| 650 | _a佛教教理--佛教与各方关系 | ||
| 942 |
_cBK _o220.16 LF c.2 |
||
| 999 |
_c39930 _d39920 |
||